Normal view
MARC view
Entry Personal Name
001 - CONTROL NUMBER
- control field: 18774
003 - CONTROL NUMBER IDENTIFIER
- control field: BD-DhEWU
005 - DATE AND TIME OF LATEST TRANSACTION
- control field: 20141111160333.0
008 - FIXED-LENGTH DATA ELEMENTS
- fixed length control field: 141111|| aca||aabn | a|a d
040 ## - CATALOGING SOURCE
- Original cataloging agency: BD-DhEWU
- Transcribing agency: BD-DhEWU
100 ## - HEADING--PERSONAL NAME
- Personal name: বড়ুয়া, সুজন
- Miscellaneous information: Suzon Borua
670 ## - SOURCE DATA FOUND
- Source citation: Work cat.: (BD-DhEWU): বড়ুয়া, সুজন Suzon Borua, রবীন্দ্রনাথঃ ছড়া /, 2011.